Явления неизотропной теплопроводности стенок труб пароперегревателя; Энергетика: экология, надежность, безопасность; Т. 1

Bibliografiska uppgifter
Parent link:Энергетика: экология, надежность, безопасность: материалы докладов седьмой Всероссийской научно-технической конференции, Томск, 5-7 декабря 2001 г./ Томский политехнический университет ; Российский фонд фундаментальных исследований ; Международная энергетическая академия ; Международная академия наук экологии и безопасности жизнедеятельности ; Томская область, Администрация.— , 2001-
Т. 1.— 2001.— С. 121-123.
Övriga upphovsmän: Макеев А. А. Анатолий Анатольевич, Заворин А. С. Александр Сергеевич, Любимова Л. Л. Людмила Леонидовна, Казанов А. М.
Språk:ryska
Publicerad: 2001
Ämnen:
Materialtyp: MixedMaterials Bokavsnitt
KOHA link:https://koha.lib.tpu.ru/cgi-bin/koha/opac-detail.pl?biblionumber=81642

MARC

LEADER 00000naa2a2200000 4500
001 81642
005 20231031095239.0
035 |a (RuTPU)RU\TPU\book\87751 
090 |a 81642 
100 |a 20050922d2001 k y0rusy50 ca 
101 0 |a rus 
102 |a RU 
200 1 |a Явления неизотропной теплопроводности стенок труб пароперегревателя  |f А. А. Макеев [и др.] 
320 |a Библиогр.: 3 назв. 
461 1 |0 (RuTPU)RU\TPU\book\73537  |t Энергетика: экология, надежность, безопасность  |o материалы докладов седьмой Всероссийской научно-технической конференции, Томск, 5-7 декабря 2001 г.  |o в 2 т.  |f Томский политехнический университет ; Российский фонд фундаментальных исследований ; Международная энергетическая академия ; Международная академия наук экологии и безопасности жизнедеятельности ; Томская область, Администрация  |d 2001- 
463 0 |0 (RuTPU)RU\TPU\book\73091  |t Т. 1  |v С. 121-123.  |d 2001  |p 295 с. 
610 1 |a теплопроводность 
610 1 |a пароперегреватели 
610 1 |a неизотропная теплопроводность 
610 1 |a трубы 
610 1 |a труды учёных ТПУ 
701 1 |a Макеев  |b А. А.  |c российский ученый в области теплоэнергетики  |c кандидат технических наук, доцент Томского политехнического университета  |f 1946-2008  |g Анатолий Анатольевич  |2 stltpush  |3 (RuTPU)RU\TPU\pers\24963 
701 1 |a Заворин  |b А. С.  |c специалист в области теплотехники  |c профессор Томского политехнического университета, доктор технических наук  |f 1946-  |g Александр Сергеевич  |2 stltpush  |3 (RuTPU)RU\TPU\pers\25896 
701 1 |a Любимова  |b Л. Л.  |c специалист в области теплотехники  |c доцент Томского политехнического университета, кандидат технических наук  |f 1947-  |g Людмила Леонидовна  |2 stltpush  |3 (RuTPU)RU\TPU\pers\25982 
701 1 |a Казанов  |b А. М. 
801 1 |a RU  |b 63413507  |c 20050922  |g PSBO 
801 2 |a RU  |b 63413507  |c 20161205  |g RCR 
942 |c BK